| 000 | 00426pab a2200145 454500 | ||
|---|---|---|---|
| 008 | 180718b2015 xxu||||| |||| 00| 0 eng d | ||
| 100 | _aThimann, Christian | ||
| 245 | _aThe microeconomic dimensions of the Eurozone crisis and why European politics cannot solve them | ||
| 260 | _c2015 | ||
| 300 | _ap.141-164. | ||
| 362 | _aSummer | ||
| 650 | _aCurrencies | ||
| 773 | _aJournal of Economic Perspectives | ||
| 909 | _a109450 | ||
| 999 |
_c109445 _d109445 |
||